000 00788nam a2200301 a 4500
001 30250
003 AR-BaAGN
005 20231223063339.0
007 ta
008 220625s1994 ag |||||r|||| ||||||spa d
020 _a950-9807-04-4
040 _dAR-BaAGN
_aAR-BaAGN
_bspa
_eaacr
100 1 _aBarugel, Esther
245 1 0 _aLos maestros fileteadores de Buenos Aires
250 _a1ª ed.
260 _aBuenos Aires :
_bFondo Nacional de las Artes,
_c1994.
300 _a179 páginas :
_bilustraciones
336 _2rdacontent
_btxt
337 _2rdamedia
_bn
338 _2rdacarrier
_bnc
650 4 _aARTE
_91471
651 4 _aBuenos Aires
_94086
651 4 _aArgentina
_93645
700 1 _aRubio, Nicolás
942 _cLIBRO
999 _c30250
_d30250